|
|
|
|
| LEADER |
00000nab a2200000 a 4500 |
| 001 |
vtls000739348 |
| 003 |
SK-MaSNL |
| 005 |
20260304171841.0 |
| 008 |
160324c2000 xo 0 slo |
| 015 |
|
|
|a SNBRB2001/02-05423
|
| 035 |
|
|
|a CLN000091206
|
| 040 |
|
|
|a SNKBUCL
|b slo
|c SNKBUCL
|e AACR2
|
| 041 |
0 |
|
|a slo
|
| 044 |
|
|
|a xo
|c SK
|
| 080 |
|
|
|a 616-089.5:611.829
|2 1997
|
| 080 |
|
|
|a 615.212
|2 1997
|
| 245 |
0 |
0 |
|a Využitie epidurálnej analgézie v hrudníkovej chirurgii - naše skúsenosti
|c M. Refka ... [et al.]
|
| 246 |
1 |
1 |
|a Use of Epidural Analgesia in Thoracosurgery
|
| 300 |
|
|
|b Tab.
|
| 504 |
|
|
|a Res. angl., slov.
|
| 504 |
|
|
|a Bibliogr. odkazy
|
| 650 |
0 |
7 |
|a anestézia
|2 SNKPH
|9 14352
|
| 650 |
0 |
7 |
|a opiátové analgetiká
|2 SNK
|9 1303101
|
| 650 |
0 |
7 |
|a retrospektívne štúdie
|2 SNK
|9 907101
|
| 650 |
0 |
7 |
|a metódy
|2 SNKPH
|9 3855
|
| 650 |
0 |
7 |
|a epidurálna analgézia
|2 SNKPH
|9 132455
|
| 650 |
0 |
7 |
|a dejiny
|2 SNKPH
|9 3825
|
| 655 |
|
7 |
|a články z novín a časopisov
|2 SNK
|9 267496
|
| 700 |
1 |
|
|a Refka, Miroslav
|4 aut
|9 843824
|
| 700 |
1 |
|
|a Janíková, Marta,
|d 1939-
|4 aut
|9 174568
|
| 700 |
1 |
|
|a Tonkovičová, M.
|4 aut
|9 843825
|
| 700 |
1 |
|
|a Šarafín, M.
|4 aut
|9 776003
|
| 773 |
0 |
|
|x 0862-4968
|t Anesteziologie a neodkladná péče
|g Roč. 11, č. 3 (2000), s. 117-120
|
| 850 |
|
|
|a Slovenská národná knižnica v Martine
|
| 852 |
|
|
|a SNK
|b KIS3GCP
|
| 958 |
|
|
|a MI
|
| 958 |
|
|
|a NB
|
| 999 |
|
|
|c 2995246
|d 2997176
|